00443nam a2200181 a 4500001001300000003000900013005001700022008004100039020001000080082001400090100001700104245001900121260004800140300000900188500003500197505001300232650001600245nice12345678IN_TiNIC20260116011427.0050524s1925 laha grp 000 0 urd  ac10000a239bPFA4 aPfander, C G aMizan-Ul-Haqq. aLahorebPunjab Religious Booksociety c1925 a496p aincludes index and biblioraphy2 aArchives aApologetics